Daniel's dinosaurs / (Record no. 103231)
[ view plain ]
| 000 -LEADER | |
|---|---|
| fixed length control field | 00754nam a2200181 a 4500 |
| 005 - DATE AND TIME OF LATEST TRANSACTION | |
| control field | 20140412111255.0 |
| 008 - FIXED-LENGTH DATA ELEMENTS--GENERAL INFORMATION | |
| fixed length control field | 020511s19uu xx 00 eng d |
| 020 ## - INTERNATIONAL STANDARD BOOK NUMBER | |
| International Standard Book Number | 0-590-44639-8 |
| 050 ## - LIBRARY OF CONGRESS CALL NUMBER | |
| Classification number | TR(PS E |
| Item number | Da22 1990 |
| 100 ## - MAIN ENTRY--PERSONAL NAME | |
| Personal name | Carmine, Mary |
| 245 ## - TITLE STATEMENT | |
| Title | Daniel's dinosaurs / |
| Statement of responsibility, etc | by Mary Carmine; illustrated by Martin Baynton. |
| 260 ## - PUBLICATION, DISTRIBUTION, ETC. (IMPRINT) | |
| Place of publication, distribution, etc | New York : |
| Name of publisher, distributor, etc | Scholastic Inc, |
| Date of publication, distribution, etc | 1990. |
| 300 ## - PHYSICAL DESCRIPTION | |
| Extent | 1 v. (unp.) ; ill. |
| 520 ## - SUMMARY, ETC. | |
| Summary, etc | Daniel loves dinosaurs. He loves to read about them. He loves to draw them. He loves to write about them. In fact, all he ever thinks about are dinosaurs...until one day his mother takes him to the acquarium to see the sharks... |
| 650 ## - SUBJECT ADDED ENTRY--TOPICAL TERM | |
| Topical term or geographic name as entry element | Dinosaurs |
| General subdivision | Fiction |
| 650 ## - SUBJECT ADDED ENTRY--TOPICAL TERM | |
| Topical term or geographic name as entry element | Children stories |
| General subdivision | Fiction |
| Withdrawn status | Lost status | Damaged status | Home library | Current library | Shelving location | Date acquired | Source of acquisition | Cost, normal purchase price | Total Checkouts | Full call number | Barcode | Date last seen | Price effective from | Koha item type |
|---|---|---|---|---|---|---|---|---|---|---|---|---|---|---|
| Elizalde Library | Elizalde Library | Teachers Reference Section | 05/11/2002 | 160.00 | TR(PS E Da22 1990 | E4035 | 04/12/2014 | 04/12/2014 | Books |